000 00417nam a2200157 i 4500
001 bg
100 1 _aSTEC, Roman
245 0 _aPrzygotowania wsadu wielkopiecowego :
_bćwiczenia... /
_cRoman Stec, Jan Mróz, Ryszard Budzik.
260 _aCzęstochowa,
_c1977.
700 1 _aMRÓZ, Jan
700 1 _aBUDZIK, Ryszard
040 _cBPK
041 _apol
942 _cKS
008 s pl f |000 0 pol
999 _c27694
_d27694
856 _uhttp://koha.tu.koszalin.pl/cgi-bin/koha/opac-detail.pl?biblionumber=27694
_yKatalog online BPK